000
00306nam a22001337a 4500
999
_c
528368
_d
528368
003
NUST
038
_a
MSOHAIL
082
_a
0
_b
VER
100
_a
Walter Vergara
_9
20135
245
_a
Transport and Climate: Lessons from\
260
_a
USA
_b
The World Bank
_c
2007
300
_a
53,p:
_c
27cm
942
_2
ddc
_c
BK